[Event "Ruhrgebiet Verbandsbezirksliga Gr 1"]
[Site "Ruhrgebiet"]
[Date "2018.12.16"]
[Round "4.8"]
[White "Finke, Wolfgang"]
[Black "Keiber, Wilfried"]
[Result "1/2-1/2"]
[WhiteElo "1615"]
[BlackElo "1767"]
[PlyCount "42"]
[EventDate "2018.09.30"]
[EventType "team-tourn"]
[EventRounds "9"]
[EventCountry "GER"]
[SourceTitle "EXT 2022"]
[Source "ChessBase"]
[SourceDate "2021.10.06"]
[SourceVersion "1"]
[SourceVersionDate "2021.10.06"]
[SourceQuality "1"]
[WhiteTeam "Kamen SV III"]
[BlackTeam "Hamm SG Caissa"]
[WhiteTeamCountry "GER"]
[BlackTeamCountry "GER"]

1. Nc3 c5 2. Nf3 Nc6 3. d4 cxd4 4. Nxd4 Qb6 5. Nb3 g6 6. e4 Bg7 7. Nd5 Qd8 8. c3 e6 9. Nf4 Nf6 10. f3 0-0 11. Be3 d5 12. exd5 Nxd5 13. Nxd5 exd5 14. Qd2 a5 15. 0-0-0 a4 16. Nd4 Be6 17. Nb5 Rc8 18. Bc5 Re8 19. Nd6 Bf8 20. Qf4 Bxd6 21. Bxd6 Qa5 1/2-1/2

[Event "Ruhrgebiet Bezirksliga 16/17"]
[Site "Ruhrgebiet"]
[Date "2017.03.05"]
[Round "9.8"]
[White "Keiber, Wilfried"]
[Black "Jenke, Johannes"]
[Result "0-1"]
[WhiteElo "1803"]
[BlackElo "1654"]
[PlyCount "78"]
[EventDate "2016.08.28"]
[EventType "team-tourn"]
[EventRounds "11"]
[EventCountry "GER"]
[SourceTitle "EXT 2022"]
[Source "ChessBase"]
[SourceDate "2021.10.06"]
[SourceVersion "1"]
[SourceVersionDate "2021.10.06"]
[SourceQuality "1"]
[WhiteTeam "Hamm SG Caissa"]
[BlackTeam "Werl SC 1981"]
[WhiteTeamCountry "GER"]
[BlackTeamCountry "GER"]

1. c4 Nf6 2. Nc3 e6 3. d4 d5 4. Bg5 Be7 5. e3 h6 6. Bh4 0-0 7. Nf3 b6 8. Bd3 Bb7 9. 0-0 Ne4 10. Bxe7 Qxe7 11. cxd5 exd5 12. Qc2 Nd6 13. Rac1 Nd7 14. Rfd1 Rac8 15. Qb3 c6 16. Qa3 Qe6 17. Ba6 Bxa6 18. Qxa6 Rc7 19. b3 f5 20. Ne5 Rfc8 21. Ne2 Nxe5 22. dxe5 Qxe5 23. Qd3 Qe4 24. Qd2 Nf7 25. h3 Re7 26. Nc3 Qe6 27. Ne2 Ne5 28. Qc2 Qf7 29. Nf4 Rcc7 30. Ne2 h5 31. Nd4 g6 32. Re1 c5 33. Ne2 h4 34. Rcd1 g5 35. f4 Ng6 36. fxg5 Rxe3 37. Qd2 d4 38. Kf2 f4 39. Ng1 Ne5 0-1